| 000 | 02010nam a2200121Ia 4500 | ||
|---|---|---|---|
| 008 | 220615s9999||||xx |||||||||||||| ||und|| | ||
| 100 | _aEriksson, Sandra | ||
| 245 | 0 | _aPermanent Magnet Synchronous Machines | |
| 546 | _aEnglish[eng] | ||
| 650 | _aMPC||predictive current control (PCC)||fault diagnosis||modeling||back electromotive force||finite-element analysis||sensorless control||brushless dc motor||flying start||periodic timer interrupt||digital simulation||torque control||saturation||renewable energy||finite element method||sensorless motor||electric propulsion systems||electric vehicle||energy efficiency||sub-fractional slot-concentrated winding||stability||design tools||brushless machine||permanent magnet synchronous motor (PMSM)||electrical signature analysis||Vernier machine||multiphase machine||interior permanent magnet synchronous machines||automotive applications||pulse width modulation||current ripples||PMSM||wave power||outer rotor||electric vehicle (EV)||power control||condition monitoring||energy conversion||sliding mode observer (SMO)||field weakening||small wind turbines||interior permanent-magnet machines||permanent-magnet machine||free-wheeling period||brushless DC (BLDC) motor||speed tracking||current spikes||flux switching machine||Brushless DC motors||magnetic reluctance network||winding inductance||parameter perturbation||DB-DTFC (deadbeat-direct torque and flux control)||R-C filter||phase-advanced method||motor drives||PMSM (permanent magnet synchronous motor)||coils||predictive maintenance||cogging torque||finite element analysis||permanent magnet material||vector control||linear generator||commutation error compensation||electrical machine design||permanent magnet synchronous generator||wind generator||mathematical model||permanent magnet synchronous motor||hybrid electric vehicle (HEV)||stator||bulk electric system||permanent magnet synchronous machine (PMSM)||synchronous generator | ||
| 856 | _uhttps://mdpi.com/books/pdfview/book/1505 | ||
| 942 | _cEB | ||
| 999 |
_c15711 _d15711 |
||